Zmeny národnostnej štruktúry obyvateľstva vo funkčnom mestskom regióne Bratislava spôsobené migráciou (1991-2001)
Analýza zmien národnostnej štruktúry obyvateľstva v Bratislave v období 1991-2001 na úrovni regiónu ako celku, jeho základných komponentov i na úrovni obcí a poukázanie na súvislosť týchto zmien s novými trendami migrácie.
Guardado en:
| Autor principal: | |
|---|---|
| Formato: | Capítulo de libro |
| Lenguaje: | eslovaco |
| Materias: | |
| Etiquetas: |
Sin Etiquetas, Sea el primero en etiquetar este registro!
|
MARC
| LEADER | 00000naa a2200000 4500 | ||
|---|---|---|---|
| 001 | 0143292 | ||
| 005 | 20220715094128.3 | ||
| 041 | 0 | |a slo | |
| 044 | |a SK | ||
| 245 | 1 | 0 | |a Zmeny národnostnej štruktúry obyvateľstva vo funkčnom mestskom regióne Bratislava spôsobené migráciou (1991-2001) |c Ladislav Novotný |
| 520 | |a Analýza zmien národnostnej štruktúry obyvateľstva v Bratislave v období 1991-2001 na úrovni regiónu ako celku, jeho základných komponentov i na úrovni obcí a poukázanie na súvislosť týchto zmien s novými trendami migrácie. | ||
| 610 | 2 | 0 | |a migrácia |
| 610 | 2 | 0 | |a Slovensko |
| 610 | 2 | 0 | |a ukazovatele štatistické |
| 610 | 2 | 0 | |a vývoj populačný |
| 610 | 2 | 0 | |a mestá |
| 610 | 2 | 0 | |a štatistika demografická |
| 100 | 1 | |a Novotný, Ladislav | |